000 00928nam0a22002651 4500
001 rc\922215
005 20250622043502.0
035 _a(NLR Aleph) 006096096
090 _a5209763
_c5209763
100 _a20041129d1982 |||y0rusy50 ca
101 0 _arus
102 _aRU
105 _aa |||||||||
200 1 _aГеографические названия рассказывают
210 _aКишинев
_cШтиинца
_d1982
215 _a103 с.
_cил.
_d20
300 _aВ надзаг.: АН МССР, Ин-т яз. и лит., Учен. совет по пробл. "Особенности и перспектвы развития молд. нац. яз."
300 _aРез. фр.
320 _aБиблиогр.: с. 98-101
700 1 _aЕремия
_bА.И.
_gАнатолий Ильич
801 0 _aRU
_bNLR
_gpsbo
801 1 _aRU
_bELAR
_2rusmarc
852 _aNLR
_j82-3/9694
942 _cBOOK
980 _aNB